| 000 | 01297cam a2200337 a 4500 | ||
|---|---|---|---|
| 003 | CO-BoRNBP | ||
| 005 | 20230427145631.0 | ||
| 007 | ta | ||
| 008 | 050531s2005 ck bfo gr 00010 spa d | ||
| 020 | _a9588156629 | ||
| 040 |
_aCO-BoRNBP _bspa _erda _cCO-BoRNBP |
||
| 041 | 0 | _aspa | |
| 043 | _as-ck--- | ||
| 082 | 0 | 4 |
_aR 739.22 _bR23o |
| 100 | 1 | 0 |
_aReichel-Dolmatoff, Gerardo, _d1912-1994 _91536 |
| 245 | 1 | 0 |
_aOrfebrería y chamanismo _bun estudio iconográfico del Museo del Oro del Banco de la República, Colombia _cGerardo Reichel-Dolmatoff ; fotografía Rudolf Schrimp ; Dirección editorial y diseño Benjamín Villegas |
| 250 | _a2a. edición | ||
| 264 |
_aBogotá _bVillegas Editores _c2005 |
||
| 300 |
_a287 páginas _bilustraciones y fotografías en color _c31 cm. |
||
| 336 |
_atexto _btxt _2rdacontent |
||
| 337 |
_asin mediación _bn _2rdamedia |
||
| 338 |
_avolumen _bnc _2rdacarrier |
||
| 500 | _aDonación Villegas Editores | ||
| 650 | 1 | 4 |
_aOrfebrería _zColombia _2LEMB _91537 |
| 650 | 1 | 4 |
_aArte indígena _z Colombia _2LEMB _91538 |
| 650 | 4 |
_aChamanismo _z Colombia. _2LEMB _91539 |
|
| 650 |
_aArte precolombino _z Colombia. _2LEMB _91540 |
||
| 700 | 1 | 0 |
_aSchrimpff, Rudolf, _d1943-2005 _efotógrafo _9582 |
| 700 | 1 | 0 |
_aVillegas, Benjamín, _d1948- _eeditor _9597 |
| 942 |
_2ddc _cREF |
||
| 999 |
_c9441 _d9441 |
||